[Event "IECG CF.2003.0.00046 email"]
[Site "IECG email"]
[Date "2003.04.22"]
[Round "?"]
[White "Macomber, David"]
[Black "Just, Michael"]
[Result "0-1"]
[WhiteElo "1100"]
[BlackElo "791"]
[PlyCount "88"]
[EventDate "2003.04.22"]
[EventType "tourn (corr)"]
[EventRounds "6"]
[SourceTitle "Corr 2008"]
[Source "ChessBase"]
[SourceDate "2008.06.24"]
[SourceVersion "1"]
[SourceVersionDate "2008.06.24"]
[SourceQuality "1"]

1. d4 Nf6 2. c4 e6 3. Nc3 Bb4 4. e3 0-0 5. Bd3 d5 6. Nge2 dxc4 7. Bxc4 a6 8. 0-0 b5 9. Bd3 Bb7 10. Bd2 c5 11. Nxb5 axb5 12. Bxb5 Rxa2 13. Bxb4 cxb4 14. Qb3 Rxa1 15. Rxa1 Qd5 16. Qxd5 Nxd5 17. Nc1 Bc6 18. Bc4 Nb6 19. Be2 N8d7 20. Nd3 Bb5 21. Kf1 Bxd3 22. Bxd3 Ra8 23. Rxa8+ Nxa8 24. Ke1 Nab6 25. Kd2 Nf6 26. f3 Nfd5 27. e4 Nf4 28. g3 Nxd3 29. Kxd3 Kf8 30. Kc2 Nc4 31. Kb3 Nd2+ 32. Kxb4 Nxf3 33. Kc4 Nxh2 34. d5 Nf1 35. d6 Nxg3 36. e5 Ke8 37. b4 f6 38. Kc5 Kd7 39. Kd4 Nf5+ 40. Ke4 fxe5 41. Kxe5 h6 42. Kf4 g5+ 43. Kg4 Kxd6 44. Kh5 Ne3 0-1

[Event "IECG CF.2003.0.00043 email"]
[Site "IECG email"]
[Date "2003.02.19"]
[Round "?"]
[White "Nemeth, Laszlo"]
[Black "Macomber, David"]
[Result "1-0"]
[WhiteElo "1000"]
[BlackElo "1100"]
[PlyCount "107"]
[EventDate "2003.02.19"]
[EventType "tourn (corr)"]
[EventRounds "6"]
[SourceTitle "Corr 2008"]
[Source "ChessBase"]
[SourceDate "2008.06.24"]
[SourceVersion "1"]
[SourceVersionDate "2008.06.24"]
[SourceQuality "1"]

1. d4 Nf6 2. c4 e6 3. Nc3 Bb4 4. Qc2 c5 5. a3 Bxc3+ 6. bxc3 Nc6 7. Nf3 0-0 8. e4 b6 9. Bd3 Bb7 10. 0-0 Re8 11. e5 Ng4 12. h3 Nh6 13. Bxh6 gxh6 14. Bxh7+ Kf8 15. Be4 Ke7 16. d5 Na5 17. d6+ Kf8 18. Bxb7 Nxb7 19. Qh7 Nxd6 20. exd6 Qf6 21. Rfe1 Qg7 22. Qxg7+ Kxg7 23. Re3 f6 24. Rae1 e5 25. Nh4 Re6 26. Rg3+ Kf7 27. Nf5 Rh8 28. Ree3 h5 29. Rg7+ Ke8 30. Reg3 Kd8 31. Rg8+ Rxg8 32. Rxg8+ Re8 33. Ne7 Rxg8 34. Nxg8 f5 35. Ne7 Ke8 36. Nxf5 Kf7 37. g4 Kf6 38. Kf1 Kg5 39. f3 hxg4 40. fxg4 Kf4 41. Ke2 Kg5 42. Ke3 Kf6 43. Ke4 a6 44. a4 a5 45. Kd5 Kg5 46. Kxe5 Kg6 47. h4 Kf7 48. h5 Kg8 49. Kf6 Kh7 50. g5 Kh8 51. g6 Kg8 52. h6 b5 53. cxb5 c4 54. b6 1-0

[Event "IECG CF.2002.0.00038 email"]
[Site "IECG email"]
[Date "2002.12.05"]
[Round "?"]
[White "Riker, James"]
[Black "Macomber, David"]
[Result "0-1"]
[WhiteElo "1037"]
[BlackElo "1100"]
[PlyCount "126"]
[EventDate "2002.12.05"]
[EventType "tourn (corr)"]
[EventRounds "6"]
[SourceTitle "Corr 2008"]
[Source "ChessBase"]
[SourceDate "2008.06.24"]
[SourceVersion "1"]
[SourceVersionDate "2008.06.24"]
[SourceQuality "1"]

1. d4 Nf6 2. c4 e6 3. Nc3 Bb4 4. Nf3 b6 5. Bd2 a6 6. e4 Bxc3 7. Bxc3 Nxe4 8. Bb4 c5 9. Ba3 0-0 10. Bd3 Bb7 11. 0-0 d6 12. d5 exd5 13. cxd5 Bxd5 14. Re1 Re8 15. Qc2 Nf6 16. Rxe8+ Qxe8 17. Re1 Qc6 18. Qe2 Bxa2 19. Bc4 Bxc4 20. Qxc4 b5 21. Qc3 a5 22. b4 axb4 23. Bxb4 cxb4 24. Qxb4 Ra4 25. Qd2 Nbd7 26. Qe2 Re4 27. Qd2 Rxe1+ 28. Qxe1 Nc5 29. Nd4 Nd3 30. Qb1 Qc1+ 31. Qxc1 Nxc1 32. Nxb5 d5 33. Kf1 Kf8 34. Nc3 Ke7 35. Ke1 Ke6 36. Kd2 Nb3+ 37. Kd3 Ke5 38. Ne2 Ng4 39. f4+ Kd6 40. h3 Nf2+ 41. Kc3 Nc5 42. Kd4 Ne6+ 43. Ke3 Ne4 44. Nd4 Nxd4 45. Kxd4 f5 46. g4 g5 47. Ke3 gxf4+ 48. Kxf4 fxg4 49. hxg4 Kc5 50. Ke3 Nf6 51. g5 Ne4 52. Kf4 Kd4 53. Kf5 Ke3 54. Ke5 d4 55. g6 hxg6 56. Kd5 d3 57. Ke5 d2 58. Ke6 d1Q 59. Kf7 Qd6 60. Kg7 Qf6+ 61. Kg8 Nd6 62. Kh7 Nf5 63. Kg8 Qg7# 0-1